000 00343nam a2200133Ia 4500
008 190216s9999||||xx |||||||||||||| ||und||
100 _aGovindarajan. Sr. Murugaiyan. T And Jayaraman. T
245 0 _aSound An Introduction Text Book For Bsc
250 _a7th Ed.
260 _bNull
_c1977
300 _a245
650 _aPhysics
942 _cBK
999 _c32840
_d32840